Internacionalizácia renminbi

Internacionalizácia renminbi (RMB) a jeho postavenie v medzinárodnom obchode a na finančných trhoch. Vstupom do WTO sa Čína zaviazala, že uskutoční zásadné reformy aj v devízovej a menovej oblasti. Základom týchto reforiem bolo zrušenie určitých reštrikcií a splnenie podmienok na to, aby sa RMB mohl...

ver descrição completa

Na minha lista:
Detalhes bibliográficos
Autor principal: Jančíková, Eva, 1960-
Formato: Capítulo de Livro
Idioma:eslovaco
Assuntos:
Tags: Adicionar Tag
Sem tags, seja o primeiro a adicionar uma tag!

MARC

LEADER 00000nla a2200000 4500
001 0183905
005 20240502073141.8
041 0 |a slo 
044 |a SK 
245 1 0 |a Internacionalizácia renminbi  |c Eva Jančíková 
520 |a Internacionalizácia renminbi (RMB) a jeho postavenie v medzinárodnom obchode a na finančných trhoch. Vstupom do WTO sa Čína zaviazala, že uskutoční zásadné reformy aj v devízovej a menovej oblasti. Základom týchto reforiem bolo zrušenie určitých reštrikcií a splnenie podmienok na to, aby sa RMB mohlo stať voľne vymeniteľnou menou. RMB ako svetová mena v súčasnosti. 
610 2 0 |a mena 
610 2 0 |a Čína 
610 2 0 |a internacionalizácia 
610 2 0 |a systémy platobné 
610 2 0 |a financovanie 
610 2 0 |a obchod 
610 2 0 |a financovanie obchodu zahraničného 
610 2 0 |a trh finančný 
100 1 |a Jančíková, Eva, 1960-